Restorative justice : new social rites within the penal system? /

Na minha lista:
Detalhes bibliográficos
Autor principal: Varona, Gema (autor)
Formato: Livro
Idioma:inglês
Publicado em: Euskadi, España : Antigua Universidad de Oñati, Instituto Internacional de Sociología Jurídica, 1996
coleção:(Oñati Master's Tesinas ; 1)
Assuntos:
Tags: Adicionar Tag
Sem tags, seja o primeiro a adicionar uma tag!

MARC

LEADER 00000nam^a2200000^a^4500
001 000048717
005 20250521000000.0
009 20260310090139.744
020 |a 84-920234-6-5 
037 |a Acervo ITESO - Biblioteca 
041 |a ING 
082 |a 340. 115  |b VAR 
100 |a Varona, Gema  |e (autor) 
245 1 0 |a Restorative justice : new social rites within the penal system? /  |c G. Varona. 
264 1 |a Euskadi, España :  |b Antigua Universidad de Oñati, Instituto Internacional de Sociología Jurídica,  |c 1996 
300 |a 165 p. 
336 |a texto  |b txt  |2 rdacontenido 
337 |a sin mediación  |b n  |2 rdamedio 
338 |a volumen  |b nc  |2 rdasoporte 
440 1 |a (Oñati Master's Tesinas ;  |v 1) 
649 |a XX 
650 |a Justicia -  |x Administración 
650 |a Derecho Penal -  |x Teoría 
650 |a Sociología del Derecho 
650 |a Justicia -  |x Administración 
650 |a Víctimas 
650 |a Delincuentes 
910 |a Fondo General 
920 |a Impresos - Libros 
930 |a Colección General 
905 |a 101 
901 |a 0500004704  |b IT1  |c ACC  |u 20250521 
902 |a https://opac.biblio.iteso.mx/vufind/Record/000048717